000 00581nam a2200205 4500
003 OSt
005 20260601193845.0
008 260508b1980 |||a|||| |||| 001 0 spa d
020 _a8425209765
040 _aICI
_bspa
_cICI
050 _aTA166
_b.M3318 1980
100 1 _aMcCormick, Ernest J.
_931248
245 1 _aErgonomía:
_bFactores humanos en ingeniería y Diseño
264 _bEditorial Gustavo Gili, S.A.
_c1980
_aEspaña
300 _a461 páginas
336 _atexto
_2rdacontent
337 _asin medio
_2rdamedia
338 _avolumen
_2rdacarrier
942 _2lcc
_cB
_n1
999 _c21587
_d21587